000 00719nam a2200205Ia 4500
003 GCL
008 140319s9999 xx 000 0 ara d
040 _aGCL /
_cGCL
082 0 4 _a810.99611
_bم ت
100 1 _aمجموعة من الاساتذة بالجامعة ال
245 1 0 _aتاريخ الادب التونسى: مختارات من الادب فى العهدين المرادى والحسينى /
_cمجموعة من الاساتذة بالجامعة ال
260 _a[S.N] :
_bبيت الحكمة ،
_c1990
300 _a488 ص
490 _a
650 0 4 _aالادب العربى
650 0 4 _aتونس
650 0 4 _aالادب التونسى
650 0 4 _aتاريخ ونقد
942 _2ddc
_cBK
999 _c35080
_d35080